000 00586cam a2200205ua 4500
001 9609
005 20260515114509.0
008 160309n ii |||gr||||Z||||||asm
040 _cMAIN
041 _aasm
082 _a891.4512
100 _aHazarika, Atulchandra,
_eAuthor.
245 1 _aAshrutirtha
_cby Atulchandra Hazarika
250 _a1st sarada prakashan /
_bTranslation of William Shakespeare`s King Lear.
260 _aGuwahati:
_bSarada prakashan,
_c2006.
300 _a144p.
653 _aEast Indo-European & Celtic literatures
653 _aAssamese drama
942 _cBK
999 _c8630
_d8630